ბათუმის შოთა რუსთაველის სახელმწიფო უნივერსიტეტის ბიბლიოთეკა

Примеры расчета жележобетонных конструкции. (ბიბ.ჩანაწერი № 38729)

000 -LEADER
fixed length control field 00726nam a2200205Ia 4500
001 - CONTROL NUMBER
control field 5044
003 - CONTROL NUMBER IDENTIFIER
control field GE_BSU
008 - FIXED-LENGTH DATA ELEMENTS--GENERAL INFORMATION
fixed length control field 181216s||||||||xx |||||||||||||| ||und||
040 ## - CATALOGING SOURCE
Transcribing agency GE_BSU
080 ## - UNIVERSAL DECIMAL CLASSIFICATION NUMBER
Universal Decimal Classification number 624.012.45
100 ## - MAIN ENTRY--PERSONAL NAME
Personal name Торяник,М.С. ВАхненко,П.Ф. Доля К.К. Роговой,С.И.
245 ## - TITLE STATEMENT
Title Примеры расчета жележобетонных конструкции.
245 ## - TITLE STATEMENT
Statement of responsibility, etc. Под ред.М.С.Торяник.
260 ## - PUBLICATION, DISTRIBUTION, ETC.
Place of publication, distribution, etc. М.
260 ## - PUBLICATION, DISTRIBUTION, ETC.
Name of publisher, distributor, etc. Стройиздат.
260 ## - PUBLICATION, DISTRIBUTION, ETC.
Date of publication, distribution, etc. 1979.
300 ## - PHYSICAL DESCRIPTION
Extent 240 стр. 20 см. с илл. Библиогр.: стр. 239.
653 ## - INDEX TERM--UNCONTROLLED
Uncontrolled term Примеры расчета жележобетонных конструкции.
942 ## - ADDED ENTRY ELEMENTS (KOHA)
Koha item type წიგნი
ეგზემპლარები
Withdrawn status Lost status Damaged status Not for loan Date acquired Barcode Date last seen Price effective from Koha item type
        2018-12-17 11509 2018-12-17 2018-12-17 წიგნი
        2018-12-17 11510 2018-12-17 2018-12-17 წიგნი